000 01494nam a22002657a 4500
003 DO-SdBNP
005 20240301073829.0
007 ta
008 211126b2019 dr ||||| |||| 00| p spa d
020 _a9789945614381
040 _aDO-SdBNP
_bspa
_cBNPHU
082 4 _aRD861.44
_bD725p
_222
100 1 _aDotel Matos, Héctor
_91202
245 1 0 _aPoesía reunida /
_cHéctor Bienvenido Dotel Matos ; prólogos Tony Raful.
260 _aSanto Domingo :
_bSantuario,
_c2019.
300 _a66 p. ;
_c23 cm.
500 _aIncluye datos biográficos del autor en las solapas.
505 0 _aOctavillas para preludiar los cantos de Dotel / Tony Raful -- Héctor Dotel reune su poesía -- Los huerfanos de Dios -- Vetustas cenizas -- Luz misteriosa -- Vientos y presagios -- Se fueron sin mitigar -- Silencio -- País sin parentesis -- Solo con la vida -- Frustración -- Cúmulo de lejanía -- Lágrimas para entonces -- Fraterno a Jacques -- Golpe a media asta -- Palabra sin color -- Rara vocación -- Señal -- Invierno -- Imprecaciones -- Recogiendo cenizas -- Canto posterior -- Tuvo que ser -- Ensueños y palabras --Toques entrecortados -- Recuerdos y lágrimas -- También congojas -- Intimidades silenciosas -- Luz apagada -- Patria de Febrero.
590 _aInventariado, 2021 /LP
650 4 _aPoesía dominicana
650 4 _aLiteratura dominicana
700 1 _aRaful, Tony,
_d1951-
_epról.
_91377
910 _aLopérez./Validado. Control de calidad MFF
942 _2ddc
_cLBS1
999 _c51052
_d51052